[Event "CHN-chT 3rd"]
[Site "China"]
[Date "2007.04.24"]
[Round "1"]
[White "Tong, Yuanming"]
[Black "Li, Shilong"]
[Result "1/2-1/2"]
[WhiteElo "2510"]
[BlackElo "2552"]
[PlyCount "69"]
[EventDate "2007.04.??"]
[EventType "team-tourn"]
[EventRounds "18"]
[EventCountry "CHN"]
[SourceTitle "EXT 2017"]
[Source "ChessBase"]
[SourceDate "2016.10.25"]
[SourceVersion "1"]
[SourceVersionDate "2016.10.25"]
[SourceQuality "1"]

1. c4 Nf6 2. Nc3 g6 3. g3 Bg7 4. Bg2 0-0 5. e4 d6 6. Nge2 e5 7. h3 c6 8. 0-0 Nbd7 9. d3 a6 10. Be3 b5 11. a3 Rb8 12. Qc2 Bb7 13. Rfd1 d5 14. cxd5 cxd5 15. Nxd5 Nxd5 16. exd5 Nf6 17. Nc3 Nxd5 18. Nxd5 Bxd5 19. Rac1 Bxg2 20. Kxg2 Qd5+ 21. Kh2 Rfd8 22. Qc6 a5 23. Bb6 Qxc6 24. Rxc6 Rd5 25. Rdc1 h5 26. Rc8+ Rxc8 27. Rxc8+ Kh7 28. Bxa5 Rxd3 29. Re8 e4 30. Rxe4 Bxb2 31. a4 Ra3 32. Rb4 Ra2 33. Rxb5 Bd4 34. Bb6 Bxb6 35. Rxb6 1/2-1/2

[Event "CHN-chT 2nd"]
[Site "China"]
[Date "2006.11.14"]
[Round "14"]
[White "Li, Haoyu"]
[Black "Tong, Yuanming"]
[Result "1/2-1/2"]
[WhiteElo "2285"]
[BlackElo "2510"]
[PlyCount "41"]
[EventDate "2006.04.04"]
[EventType "team-tourn"]
[EventRounds "18"]
[EventCountry "CHN"]
[SourceTitle "EXT 2017"]
[Source "ChessBase"]
[SourceDate "2016.10.25"]
[SourceVersion "1"]
[SourceVersionDate "2016.10.25"]
[SourceQuality "1"]
[WhiteTeam "Tianjing"]
[BlackTeam "Shandong"]
[WhiteTeamCountry "CHN"]
[BlackTeamCountry "CHN"]

1. e4 c5 2. Nf3 Nf6 3. c3 d5 4. exd5 Bg4 5. d4 Qxd5 6. dxc5 Qxd1+ 7. Kxd1 Bxf3+ 8. gxf3 e6 9. Be3 Nbd7 10. Kc2 Bxc5 11. Nd2 0-0 12. Rg1 e5 13. Bd3 g6 14. Rad1 Rad8 15. Ne4 Nxe4 16. Bxe4 b6 17. Bxc5 Nxc5 18. Rxd8 Rxd8 19. Rd1 Rxd1 20. Kxd1 Nxe4 21. fxe4 1/2-1/2

[Event "Torch Cup"]
[Site "Xiapu"]
[Date "2005.06.23"]
[Round "16"]
[White "Tong, Yuanming"]
[Black "Ji, Dan"]
[Result "1-0"]
[WhiteElo "2510"]
[BlackElo "2226"]
[PlyCount "81"]
[EventDate "2005.06.21"]
[EventType "team"]
[EventRounds "19"]
[EventCountry "CHN"]
[SourceTitle "CBM 106 Extra"]
[Source "ChessBase"]
[SourceDate "2005.07.01"]
[SourceVersion "1"]
[SourceVersionDate "2005.07.01"]
[SourceQuality "1"]

1. e4 c5 2. Nf3 d6 3. d4 Nf6 4. Nc3 cxd4 5. Nxd4 a6 6. Bg5 e6 7. f4 Be7 8. Qf3 Qc7 9. 0-0-0 h6 10. Bh4 Nbd7 11. Qg3 g5 12. fxg5 Nh5 13. Qe1 hxg5 14. Bf2 Ne5 15. Nf3 Bd7 16. Kb1 Nf4 17. Nxe5 dxe5 18. g3 Ng6 19. Be3 0-0-0 20. Qf2 Be8 21. Be2 Rxd1+ 22. Rxd1 Nf8 23. Rd3 Kb8 24. a3 Rh7 25. Na2 Bc6 26. Nb4 Bxe4 27. Bb6 Qc8 28. Rc3 Qd7 29. Rc7 Qxc7 30. Bxc7+ Kxc7 31. Qe3 f5 32. Bd3 Nd7 33. Bxe4 fxe4 34. Qxe4 Rxh2 35. Nd3 Rh3 36. Qg4 Rh1+ 37. Ka2 Rg1 38. Qxe6 Bd6 39. Qc4+ Kb8 40. Nf2 Nc5 41. Qd5 1-0

[Event "Tan Chin Nam Cup 4th"]
[Site "Beijing"]
[Date "1998.06.18"]
[Round "11"]
[White "Tong, Yuanming"]
[Black "Magem Badals, Jordi"]
[Result "0-1"]
[WhiteElo "2505"]
[BlackElo "2535"]
[PlyCount "80"]
[EventDate "1998.06.08"]
[EventType "tourn"]
[EventRounds "11"]
[EventCountry "CHN"]
[EventCategory "12"]
[SourceTitle "CBM 066"]
[Source "ChessBase"]
[SourceDate "1998.09.30"]
[SourceVersion "1"]
[SourceVersionDate "1998.09.30"]
[SourceQuality "1"]

1. e4 c6 2. f4 d5 3. e5 h5 4. Be2 Qb6 5. d4 g6 6. c3 Nh6 7. Nd2 Bg4 8. Bxg4 hxg4 9. Nf1 e6 10. h3 Nf5 11. Qxg4 c5 12. dxc5 Bxc5 13. Ne2 Bf2+ 14. Kd1 Nc6 15. Nfg3 Ne3+ 16. Bxe3 Qxe3 17. Qf3 Qxf3 18. gxf3 Rh4 19. Nf1 0-0-0 20. Kd2 d4 21. Rh2 dxc3+ 22. Kxc3 Bb6 23. Rc1 Kb8 24. Kb3 Ba5 25. Kc2 Nb4+ 26. Kb1 Nd3 27. Rd1 Nxf4 28. Rxd8+ Bxd8 29. Nxf4 Rxf4 30. Nd2 Bc7 31. Re2 Rf5 32. Kc2 Bxe5 33. b4 Bc7 34. a3 a5 35. Re3 axb4 36. axb4 Bf4 37. Rc3 Rh5 38. Ne4 Rxh3 39. Nf6 Rh2+ 40. Kb1 Rd2 0-1

[Event "Tan Chin Nam Cup 4th"]
[Site "Beijing"]
[Date "1998.06.14"]
[Round "7"]
[White "Lin, Weiguo"]
[Black "Tong, Yuanming"]
[Result "1/2-1/2"]
[WhiteElo "2460"]
[BlackElo "2505"]
[PlyCount "29"]
[EventDate "1998.06.08"]
[EventType "tourn"]
[EventRounds "11"]
[EventCountry "CHN"]
[EventCategory "12"]
[SourceTitle "CBM 066"]
[Source "ChessBase"]
[SourceDate "1998.09.30"]
[SourceVersion "1"]
[SourceVersionDate "1998.09.30"]
[SourceQuality "1"]

1. d4 Nf6 2. Nf3 g6 3. g3 Bg7 4. Bg2 0-0 5. 0-0 d6 6. c4 Nc6 7. Nc3 a6 8. d5 Na5 9. Nd2 c5 10. Qc2 Rb8 11. b3 b5 12. Bb2 e5 13. dxe6 fxe6 14. cxb5 axb5 15. Nce4 1/2-1/2

[Event "Tan Chin Nam Cup 4th"]
[Site "Beijing"]
[Date "1998.06.12"]
[Round "5"]
[White "Liang, Chong"]
[Black "Tong, Yuanming"]
[Result "1/2-1/2"]
[WhiteElo "2405"]
[BlackElo "2505"]
[PlyCount "97"]
[EventDate "1998.06.08"]
[EventType "tourn"]
[EventRounds "11"]
[EventCountry "CHN"]
[EventCategory "12"]
[SourceTitle "CBM 066"]
[Source "ChessBase"]
[SourceDate "1998.09.30"]
[SourceVersion "1"]
[SourceVersionDate "1998.09.30"]
[SourceQuality "1"]

1. d4 d6 2. Nf3 Nf6 3. c4 g6 4. Nc3 Bg7 5. e4 0-0 6. Be2 Na6 7. 0-0 c6 8. Bg5 h6 9. Bh4 Nh5 10. Re1 g5 11. Bg3 f5 12. exf5 Bxf5 13. Qd2 Qd7 14. d5 Nxg3 15. hxg3 c5 16. Nd1 Nc7 17. Ne3 Bg6 18. Bd3 Bxd3 19. Qxd3 b5 20. g4 bxc4 21. Nxc4 Rf7 22. Re4 Qb5 23. Rae1 Bf6 24. b3 Raf8 25. R4e2 Kg7 26. a4 Qa6 27. Re6 Rg8 28. R6e4 Rh8 29. Rd1 Rb8 30. Re3 Rh8 31. Qe4 Kf8 32. Ree1 Rfh7 33. g3 Rf7 34. Rd3 Qb7 35. Kg2 Qb4 36. Qe2 Qb8 37. Ne3 Qc8 38. Rh1 Rfh7 39. Rh5 Ne8 40. Rd1 Ng7 41. Rhh1 h5 42. gxh5 Nxh5 43. Qc4 Nf4+ 44. gxf4 gxf4 45. Qxf4 Rg8+ 46. Ng5 Rxg5+ 47. Kf3 Rhh5 48. Ke2 Qa6+ 49. Qc4 1/2-1/2

[Event "Tan Chin Nam Cup 4th"]
[Site "Beijing"]
[Date "1998.06.10"]
[Round "3"]
[White "Zhang, Zhong"]
[Black "Tong, Yuanming"]
[Result "1-0"]
[WhiteElo "2530"]
[BlackElo "2505"]
[PlyCount "75"]
[EventDate "1998.06.08"]
[EventType "tourn"]
[EventRounds "11"]
[EventCountry "CHN"]
[EventCategory "12"]
[SourceTitle "CBM 066"]
[Source "ChessBase"]
[SourceDate "1998.09.30"]
[SourceVersion "1"]
[SourceVersionDate "1998.09.30"]
[SourceQuality "1"]

1. e4 e6 2. d3 c5 3. Nf3 Nc6 4. g3 g6 5. Bg5 Qc7 6. Bg2 Bg7 7. c3 Nf6 8. 0-0 h6 9. Be3 d6 10. Na3 0-0 11. h3 Qe7 12. Qd2 Kh7 13. g4 e5 14. Nh2 g5 15. Rfe1 Rd8 16. Nf1 Rb8 17. Ng3 b5 18. Nc2 d5 19. exd5 Nxd5 20. Qe2 Be6 21. Be4+ Kg8 22. Qf3 Qd6 23. Nh5 b4 24. c4 Nde7 25. h4 gxh4 26. Kg2 Bd7 27. Rh1 Ng6 28. Rag1 Nce7 29. Nxg7 Kxg7 30. Bxh6+ Kxh6 31. Qxf7 Bxg4 32. Kf1 Qe6 33. Rxh4+ Nxh4 34. Qh7+ Kg5 35. Ne3 Rh8 36. Rxg4+ Qxg4 37. Qxe7+ Kh5 38. Qf7+ 1-0

[Event "Lee Cup 4th"]
[Site "Beijing"]
[Date "1997.09.04"]
[Round "11"]
[White "Tong, Yuanming"]
[Black "Zhang, Zhong"]
[Result "1/2-1/2"]
[WhiteElo "2510"]
[BlackElo "2475"]
[PlyCount "147"]
[EventDate "1997.08.23"]
[EventType "swiss"]
[EventRounds "11"]
[EventCountry "CHN"]
[SourceTitle "CBM 061"]
[Source "ChessBase"]
[SourceDate "1997.11.23"]
[SourceVersion "1"]
[SourceVersionDate "1997.11.23"]
[SourceQuality "1"]

1. e4 c5 2. Nf3 d6 3. d4 cxd4 4. Nxd4 Nf6 5. Nc3 a6 6. Bg5 e6 7. f4 Qb6 8. Nb3 Nc6 9. Qf3 Qc7 10. Bd3 b5 11. 0-0-0 Bd7 12. Kb1 Be7 13. Rhe1 b4 14. Nd5 exd5 15. exd5 Bg4 16. Qg3 Bxd1 17. Bxf6 gxf6 18. dxc6 Bh5 19. Qh3 Bg6 20. f5 0-0 21. fxg6 hxg6 22. Qh6 f5 23. Bc4 d5 24. Bxd5 Qd6 25. Be6 fxe6 26. Qxg6+ Kh8 27. Rxe6 Qd1+ 28. Nc1 Ra7 29. Re3 Bh4 30. Qh6+ Kg8 31. Qxh4 f4 32. Rd3 Qg1 33. Qg5+ Rg7 34. Qd5+ Rgf7 35. Rh3 Qb6 36. Rh6 Qb5 37. Qd6 Qf5 38. Qxb4 Qg5 39. Qd6 Kg7 40. Rh3 Rd8 41. Qa3 Qxg2 42. Qc3+ Rf6 43. Rh7+ Kxh7 44. Qxf6 Rg8 45. c7 f3 46. Qf5+ Kg7 47. Qd7+ Kf6 48. Qc6+ Ke7 49. b3 f2 50. c8Q Qxc6 51. Qxc6 f1Q 52. Qc5+ Kf7 53. Qd5+ Kf8 54. Qd6+ Kf7 55. Kb2 Qf6+ 56. Qxf6+ Kxf6 57. b4 Ke7 58. Nd3 Rg5 59. a4 Rh5 60. Kb3 Rxh2 61. Nc5 Rh6 62. b5 axb5 63. axb5 Kd6 64. Na6 Rh1 65. c4 Rb1+ 66. Ka4 Ra1+ 67. Kb4 Ra2 68. Kb3 Ra1 69. Kb2 Rh1 70. Ka3 Rb1 71. c5+ Kd5 72. c6 Ra1+ 73. Kb4 Rxa6 74. bxa6 1/2-1/2

[Event "Lee Cup 4th"]
[Site "Beijing"]
[Date "1997.08.23"]
[Round "1"]
[White "Wu, Wenjin"]
[Black "Tong, Yuanming"]
[Result "0-1"]
[WhiteElo "2320"]
[BlackElo "2510"]
[PlyCount "66"]
[EventDate "1997.08.23"]
[EventType "swiss"]
[EventRounds "11"]
[EventCountry "CHN"]
[SourceTitle "CBM 061"]
[Source "ChessBase"]
[SourceDate "1997.11.23"]
[SourceVersion "1"]
[SourceVersionDate "1997.11.23"]
[SourceQuality "1"]

1. Nf3 c5 2. c4 Nc6 3. Nc3 g6 4. e3 Nf6 5. d4 Bg7 6. d5 Na5 7. Bd3 d6 8. h3 0-0 9. 0-0 e5 10. e4 Ne8 11. a3 b6 12. b4 Nb7 13. Bc2 f5 14. Ng5 Nc7 15. Nb5 Nxb5 16. cxb5 Qe8 17. a4 cxb4 18. Bd2 Bh6 19. Ne6 Bxd2 20. Nxf8 Bc3 21. Ne6 Bxa1 22. Nc7 Qf7 23. Nxa8 Bd4 24. exf5 gxf5 25. Kh1 f4 26. Qf3 Nc5 27. Rb1 b3 28. Bxb3 Bb7 29. Bc4 Bxa8 30. Qg4+ Kh8 31. Qc8+ Qg8 32. Qf5 Qd8 33. a5 Bb7 0-1

[Event "Lee Cup 3rd"]
[Site "Beijing"]
[Date "1996.??.??"]
[Round "10"]
[White "Landa, Konstantin"]
[Black "Tong, Yuanming"]
[Result "1-0"]
[WhiteElo "2570"]
[BlackElo "2500"]
[PlyCount "69"]
[EventDate "1996.08.??"]
[EventType "swiss"]
[EventRounds "11"]
[EventCountry "CHN"]
[SourceTitle "CBM 054 Extra"]
[Source "ChessBase"]
[SourceDate "1996.11.01"]
[SourceVersion "1"]
[SourceVersionDate "1996.11.01"]
[SourceQuality "1"]

1. Nf3 Nf6 2. c4 g6 3. g3 Bg7 4. Bg2 0-0 5. 0-0 d6 6. d4 a6 7. Nc3 Nc6 8. d5 Na5 9. Nd2 c5 10. Rb1 Rb8 11. b3 b5 12. Bb2 bxc4 13. bxc4 Bh6 14. Ba1 Bf5 15. e4 Bg4 16. Qc2 Bxd2 17. Qxd2 Nxc4 18. Qd3 Ne5 19. Qxa6 Ra8 20. Qb5 Bf3 21. Rfe1 g5 22. h3 h5 23. Qb3 Qa5 24. Ne2 Bxe4 25. Bxe4 Nxe4 26. Qe3 Qd2 27. Qxe4 f5 28. Qg2 Nd3 29. Qf3 g4 30. Qe3 Nxe1 31. Qe6+ Rf7 32. Qg6+ Kf8 33. Nf4 Ke8 34. Ne6 Rc8 35. Qg8+ 1-0

[Event "Lee Cup 3rd"]
[Site "Beijing"]
[Date "1996.??.??"]
[Round "4"]
[White "Tong, Yuanming"]
[Black "Rausis, Igors"]
[Result "1-0"]
[WhiteElo "2500"]
[BlackElo "2495"]
[PlyCount "122"]
[EventDate "1996.08.??"]
[EventType "swiss"]
[EventRounds "11"]
[EventCountry "CHN"]
[SourceTitle "CBM 054 Extra"]
[Source "ChessBase"]
[SourceDate "1996.11.01"]
[SourceVersion "1"]
[SourceVersionDate "1996.11.01"]
[SourceQuality "1"]

1. e4 c5 2. Nf3 Nc6 3. d4 cxd4 4. Nxd4 Nf6 5. Nc3 g6 6. Nxc6 bxc6 7. e5 Ng8 8. Bc4 Bg7 9. Qf3 f5 10. Bf4 e6 11. 0-0-0 Qc7 12. Bb3 Rb8 13. Rhe1 Nh6 14. Qe2 Nf7 15. Bg3 Bh6+ 16. f4 Rb4 17. Qd2 Qa5 18. a3 Rb8 19. h4 0-0 20. Bf2 Rd8 21. g3 Bf8 22. Na4 Qc7 23. Bc5 Rb5 24. Bxf8 Kxf8 25. Qc3 Qa5 26. Qe3 c5 27. c4 Rb7 28. Qxc5+ Qxc5 29. Nxc5 Rc7 30. Na4 Ba6 31. c5 Bb5 32. Kb1 Ke7 33. Rd4 Rb8 34. Bc2 Nd8 35. Red1 Nb7 36. b4 Bxa4 37. Bxa4 Nxc5 38. Rc4 Kd8 39. Rdc1 Na6 40. Ka2 Rbc8 41. Kb3 Rxc4 42. Rxc4 Nc7 43. Rc5 Nd5 44. Rxc8+ Kxc8 45. Kc4 Kc7 46. Kd4 Nb6 47. Bb3 d5 48. a4 a6 49. Bd1 Kc6 50. g4 fxg4 51. Bxg4 Kd7 52. a5 Na8 53. Kc5 Nc7 54. Be2 Kc8 55. Kd6 Kb7 56. Bd3 Kb8 57. Ke7 d4 58. Be4 Nd5+ 59. Bxd5 exd5 60. Kd6 d3 61. e6 d2 1-0

[Event "Lee Cup 3rd"]
[Site "Beijing"]
[Date "1996.??.??"]
[Round "7"]
[White "Wang, Yaoyao"]
[Black "Tong, Yuanming"]
[Result "1/2-1/2"]
[WhiteElo "2410"]
[BlackElo "2500"]
[PlyCount "48"]
[EventDate "1996.08.??"]
[EventType "swiss"]
[EventRounds "11"]
[EventCountry "CHN"]
[SourceTitle "CBM 054 Extra"]
[Source "ChessBase"]
[SourceDate "1996.11.01"]
[SourceVersion "1"]
[SourceVersionDate "1996.11.01"]
[SourceQuality "1"]

1. d4 d6 2. c4 e5 3. Nf3 e4 4. Ng5 f5 5. Nc3 Be7 6. Nh3 c6 7. e3 Nf6 8. Be2 0-0 9. Bd2 Na6 10. Rb1 Nc7 11. b4 d5 12. 0-0 dxc4 13. Bxc4+ Kh8 14. b5 Bd6 15. bxc6 bxc6 16. Qa4 Bd7 17. Qa5 Ng4 18. g3 Rf6 19. Ng5 Nxh2 20. Kxh2 Rh6+ 21. Kg2 Qxg5 22. Nxe4 Qg4 23. Nxd6 Qh3+ 24. Kf3 Qg4+ 1/2-1/2

[Event "Lee Cup 2nd"]
[Site "Beijing"]
[Date "1995.??.??"]
[Round "3"]
[White "Tong, Yuanming"]
[Black "Boensch, Uwe"]
[Result "1/2-1/2"]
[WhiteElo "2485"]
[BlackElo "2560"]
[PlyCount "134"]
[EventDate "1995.08.??"]
[EventType "swiss"]
[EventRounds "11"]
[EventCountry "CHN"]
[SourceTitle "EXT 1997"]
[Source "ChessBase"]
[SourceDate "1996.11.15"]
[SourceVersion "1"]
[SourceVersionDate "1996.11.15"]
[SourceQuality "1"]

1. e4 c5 2. Nf3 Nc6 3. d4 cxd4 4. Nxd4 e5 5. Nb5 d6 6. N1c3 a6 7. Na3 Be6 8. Nc4 Be7 9. Be3 Nf6 10. Nd5 Bxd5 11. exd5 Na7 12. a4 Nc8 13. Be2 0-0 14. 0-0 Nd7 15. Qd2 a5 16. b4 f5 17. f3 axb4 18. Qxb4 b6 19. a5 bxa5 20. Nxa5 Bg5 21. Bf2 Qc7 22. Nc6 Ne7 23. Qc4 Nf6 24. Nxe5 Nfxd5 25. Qxc7 Nxc7 26. Bc4+ d5 27. Bb3 Bf6 28. Rae1 Bxe5 29. Rxe5 Ng6 30. Ree1 Rfb8 31. h4 h5 32. Bg3 f4 33. Bf2 Rb5 34. Ra1 Rxa1 35. Rxa1 Rb7 36. Ra5 Ne7 37. Bd4 Nc6 38. Bxd5+ Nxd5 39. Rxd5 Rb1+ 40. Kh2 Rd1 41. c3 Nxd4 42. cxd4 g6 43. g4 fxg3+ 44. Kxg3 Kf7 45. Rd6 Rg1+ 46. Kf4 Rh1 47. Ke5 Re1+ 48. Kf4 Rh1 49. d5 Rd1 50. Kg5 Rg1+ 51. Kh6 Rh1 52. Rxg6 Rxh4 53. Kg5 Rd4 54. Rd6 Ke7 55. Re6+ Kf7 56. Rf6+ Kg7 57. Rd6 h4 58. Rd7+ Kf8 59. Kf5 h3 60. Rh7 Rxd5+ 61. Kg4 h2 62. Rxh2 Kg7 63. f4 Ra5 64. f5 Ra1 65. Re2 Kf6 66. Re6+ Kf7 67. Rb6 Rg1+ 1/2-1/2

[Event "Lee Cup 2nd"]
[Site "Beijing"]
[Date "1995.??.??"]
[Round "9"]
[White "Tong, Yuanming"]
[Black "Yu, Shaoteng"]
[Result "1-0"]
[WhiteElo "2485"]
[BlackElo "2290"]
[PlyCount "77"]
[EventDate "1995.08.??"]
[EventType "swiss"]
[EventRounds "11"]
[EventCountry "CHN"]
[SourceTitle "EXT 1997"]
[Source "ChessBase"]
[SourceDate "1996.11.15"]
[SourceVersion "1"]
[SourceVersionDate "1996.11.15"]
[SourceQuality "1"]

1. e4 e6 2. d4 d5 3. Nc3 Bb4 4. exd5 exd5 5. Bd3 Nf6 6. Nge2 0-0 7. Bg5 c6 8. 0-0 Re8 9. Ng3 h6 10. Bf4 Bg4 11. Qd2 Bd6 12. Rae1 Bxf4 13. Qxf4 Nbd7 14. h3 Rxe1 15. Rxe1 Be6 16. Qd2 Qa5 17. a3 Re8 18. Ra1 Qc7 19. Re1 Nf8 20. Re3 Bd7 21. Rxe8 Nxe8 22. Nce2 Nf6 23. Qe3 Bc8 24. c3 a5 25. Bc2 b6 26. Nf4 Ne6 27. Nd3 Nf8 28. Ne5 c5 29. Ne2 Ne6 30. f4 Ba6 31. f5 Ng5 32. Nf4 Bb7 33. Ng4 Nge4 34. Bxe4 Nxe4 35. f6 h5 36. Nxh5 cxd4 37. cxd4 Bc8 38. fxg7 Bxg4 39. Qh6 1-0

[Event "Lee Cup 2nd"]
[Site "Beijing"]
[Date "1995.??.??"]
[Round "1"]
[White "Wang, Wenhao"]
[Black "Tong, Yuanming"]
[Result "1/2-1/2"]
[WhiteElo "2350"]
[BlackElo "2485"]
[PlyCount "22"]
[EventDate "1995.08.??"]
[EventType "swiss"]
[EventRounds "11"]
[EventCountry "CHN"]
[SourceTitle "EXT 1997"]
[Source "ChessBase"]
[SourceDate "1996.11.15"]
[SourceVersion "1"]
[SourceVersionDate "1996.11.15"]
[SourceQuality "1"]

1. e4 e6 2. d4 d5 3. exd5 exd5 4. Bd3 Bd6 5. Nf3 Ne7 6. 0-0 Nbc6 7. Bg5 Bg4 8. c3 f6 9. Bh4 Qd7 10. Bg3 0-0-0 11. Bxd6 Qxd6 1/2-1/2

[Event "Wch U18"]
[Site "Singapore"]
[Date "1990.??.??"]
[Round "?"]
[White "Tong, Yuanming"]
[Black "Gurevich, Ilya"]
[Result "1-0"]
[WhiteElo "2360"]
[BlackElo "2410"]
[PlyCount "61"]
[EventDate "1990.06.??"]
[EventType "swiss"]
[EventRounds "11"]
[EventCountry "SIN"]
[SourceTitle "EXT 1997"]
[Source "ChessBase"]
[SourceDate "1996.11.15"]
[SourceVersion "1"]
[SourceVersionDate "1996.11.15"]
[SourceQuality "1"]

1. e4 c5 2. Nf3 e6 3. d4 cxd4 4. Nxd4 a6 5. Bd3 Nf6 6. 0-0 Qc7 7. Qe2 Bc5 8. Nb3 Be7 9. e5 Nd5 10. c4 Nb4 11. Bf4 Nxd3 12. Qxd3 Nc6 13. Nc3 g5 14. Bg3 h5 15. h3 h4 16. Bh2 Nxe5 17. Qe2 f6 18. c5 b6 19. cxb6 Qxb6 20. Bxe5 fxe5 21. Qxe5 Rf8 22. Rad1 Bb7 23. Ne4 Qb5 24. Nbc5 Bxe4 25. Qxe4 Ra7 26. b4 Bxc5 27. Qg6+ Rf7 28. bxc5 Qxc5 29. Rc1 Qa5 30. Qg8+ Ke7 31. Qb8 1-0

[Event "Wch U18"]
[Site "Singapore"]
[Date "1990.??.??"]
[Round "?"]
[White "Tong, Yuanming"]
[Black "Koch, Jean Rene"]
[Result "1-0"]
[WhiteElo "2360"]
[BlackElo "2425"]
[PlyCount "101"]
[EventDate "1990.06.??"]
[EventType "swiss"]
[EventRounds "11"]
[EventCountry "SIN"]
[SourceTitle "EXT 1997"]
[Source "ChessBase"]
[SourceDate "1996.11.15"]
[SourceVersion "1"]
[SourceVersionDate "1996.11.15"]
[SourceQuality "1"]

1. e4 c5 2. Nf3 d6 3. d4 Nf6 4. Nc3 cxd4 5. Nxd4 a6 6. a4 g6 7. Be2 Bg7 8. Be3 Nc6 9. 0-0 0-0 10. Kh1 Bd7 11. f4 Rc8 12. Qd2 Na5 13. Rad1 Nc4 14. Bxc4 Rxc4 15. e5 Ne8 16. Qe2 Rxc3 17. bxc3 Qc8 18. Bf2 dxe5 19. fxe5 Bg4 20. Nf3 Qxc3 21. Bh4 Qb4 22. Qe1 Qc5 23. Qe4 Bf5 24. Qxb7 Nc7 25. c3 Bg4 26. Qb4 Qxb4 27. cxb4 e6 28. Be7 Ra8 29. Rd7 Nd5 30. Bd6 f6 31. exf6 Nxf6 32. Rb7 Ne4 33. Be5 Bh6 34. Nd4 Rf8 35. Rxf8+ Kxf8 36. h3 Bd1 37. Nxe6+ Ke8 38. Rxh7 Be3 39. a5 Be2 40. Bf4 Bf2 41. Ng5 Nf6 42. Rh8+ Kd7 43. Be5 Nd5 44. Ne4 Be1 45. Nc5+ Kc6 46. Rc8+ Kb5 47. Rb8+ Kc6 48. Ne6 Bd3 49. b5+ axb5 50. a6 Bf2 51. Bd4 1-0

[Event "Wch U18"]
[Site "Singapore"]
[Date "1990.??.??"]
[Round "?"]
[White "Tong, Yuanming"]
[Black "Webster, Andrew"]
[Result "1-0"]
[WhiteElo "2360"]
[BlackElo "2275"]
[PlyCount "57"]
[EventDate "1990.06.??"]
[EventType "swiss"]
[EventRounds "11"]
[EventCountry "SIN"]
[SourceTitle "EXT 1997"]
[Source "ChessBase"]
[SourceDate "1996.11.15"]
[SourceVersion "1"]
[SourceVersionDate "1996.11.15"]
[SourceQuality "1"]

1. e4 g6 2. d4 Bg7 3. Nc3 c6 4. Bc4 d6 5. Nf3 Nf6 6. 0-0 d5 7. Bd3 dxe4 8. Nxe4 Nxe4 9. Bxe4 Nd7 10. Re1 0-0 11. c3 c5 12. Bg5 Nf6 13. Bc2 cxd4 14. Nxd4 Re8 15. Bb3 Qa5 16. Bh4 Bg4 17. Qd3 Rad8 18. Qc4 Nd5 19. h3 Bc8 20. Bxe7 Rd7 21. Bh4 Rf8 22. Rad1 a6 23. Nf3 Nf6 24. Rxd7 Bxd7 25. Ng5 Bc6 26. Qd3 h6 27. Nxf7 Bd5 28. Bxf6 Bxb3 29. Qxg6 1-0